| 000 | 01737cam a22004697a 4500 | ||
|---|---|---|---|
| 003 | CHAP | ||
| 005 | 20240221111057.0 | ||
| 008 | 040601ds003 mx r 00010 spa d | ||
| 010 | _a88375 | ||
| 011 | _a89347 | ||
| 035 | _a99898 | ||
| 040 | _cCHAP | ||
| 090 | _aTesis | ||
| 100 | 1 | 0 |
_aÁvila Uribe, Graciela _98837 |
| 245 | 1 | 0 |
_aEvaluación sensorial, dureza y elasticidad en tortillas de maíz : _brecién hechas y empacadas _c/por Graciela Avila Uribe |
| 260 |
_aChapingo, Méx. : _bEl autor, _c2003. |
||
| 300 | _a82 h. | ||
| 502 | _aTesis (Ing. Agroindustrial) -- UACH. Departamento de Ingeniería Agroindustrial | ||
| 530 | _aTambién disponible en línea | ||
| 590 |
_aALEPH _b10 _c20130110 _lUCH01 _h1458 |
||
| 590 |
_aBATCH-UPD _b10 _c20130109 _lUCH01 _h2335 |
||
| 590 |
_aBATCH-UPD _b10 _c20130110 _lUCH01 _h0425 |
||
| 590 |
_aBATCH-UPD _b10 _c20130409 _lUCH01 _h1902 |
||
| 590 |
_aBATCH-UPD _b10 _c20130410 _lUCH01 _h0100 |
||
| 590 |
_aBATCH-UPD _b10 _c20130914 _lUCH01 _h0204 |
||
| 590 |
_aBATCH-UPD _b10 _c20140324 _lUCH01 _h1444 |
||
| 590 |
_aBATCH-UPD _b10 _c20141002 _lUCH01 _h0822 |
||
| 590 |
_aBATCH _b00 _c20181121 _lUCH01 _h0758 |
||
| 590 |
_aCONVERSION _b10 _c20130109 _lUCH01 _h1349 |
||
| 650 | 1 | 4 |
_aAlimentos _xAnálisis. _94164 |
| 650 | 1 | 4 |
_aAlimentos _xAroma. _94169 |
| 650 | 1 | 4 |
_aAlimentos _xPropiedades reologicas. _94271 |
| 650 | 1 | 4 |
_aMaíz _xProcesado. _971040 |
| 650 | 1 | 4 |
_aTortillas de maíz _xEmpaque. _9114321 |
| 856 |
_3Finding aid _uhttp://10.13.5.2/tesis/99898.pdf _zTeclea aqui |
||
| 856 |
_a1 _n0000644 |
||
| 901 | _aBK | ||
| 905 | _aAlejandra Carrasco M. | ||
| 942 | _cFOLL | ||
| 949 |
_aTesis _bBC _cTES _d33724000921920 _eTS2 _fc.2 _h41899 _i99898 _si |
||
| 949 |
_aTesis _bBC _cTES _d998981 _eTS1 _h41898 _i99898 _sb |
||
| 999 |
_c88375 _d88375 |
||